000 00571nam a22002057a 4500
003 OSt
005 20240227114033.0
008 190516t xxu||||| |||| 00| 0 eng d
020 _a9781858135311
040 _c0
082 _a759.4
_bHAR 1994
100 1 _aHarris, Nathaniel
_9121463
245 1 0 _aThe life and works of Lautrec/
_cNathaniel Harris
260 _bParragon;
_c1994.
300 _a79p.:
_bill;
_c20cm.
650 _zFrance
_9108630
650 _aArtists
_9118882
942 _2ddc
_cBK
_aSADA
_k759.4 HAR 1994
999 _c608327
_d608327